| 000 | nam a22 a 4500 | ||
|---|---|---|---|
| 999 |
_c529 _d529 |
||
| 003 | AKMAL | ||
| 005 | 20170504103647.0 | ||
| 008 | 170504s2004 my g ||00 | may d | ||
| 020 |
_a983197221X (kkt.) : _cRM22.90 |
||
| 039 | 9 |
_a200509211725 _bzuraidahm _c200504121047 _dnormila |
|
| 040 |
_aAKMAL _cAKMAL |
||
| 049 | 0 | 0 | _aklpmal |
| 082 | 0 | 4 |
_a153.6 KOM _221 |
| 090 | 0 | 0 |
_a153.6 _bKOM |
| 090 | 2 | 0 |
_a153.6 _bKOM |
| 245 | 0 | 0 |
_aKomunikasi lengkap : _bkemahiran untuk memahami dan difahami / _cterjemahan Rosilawati Yahya |
| 260 |
_aKuala Lumpur : _bSynergy Publishing Co., _c[2004] |
||
| 300 |
_av, 145ms. ; _c22cm |
||
| 650 | 0 |
_aInterpersonal communication _91169 |
|
| 650 | 0 |
_aInterpersonal relations _9487 |
|
| 700 | 0 |
_aRosilawati Yahya _91183 |
|
| 942 |
_2ddc _cBOOK |
||